[Event "April 9 Late 2024"]
[Site "Chess.com"]
[Date "2024.04.09"]
[Round "1"]
[White "Garcia Guerrero, Isaac Antonio"]
[Black "Chabris, Christopher"]
[Result "1-0"]
[Board "122"]
[WhiteFideId "5110475"]
[BlackFideId "2005263"]
[WhiteTitle "FM"]
[BlackTitle "CM"]
[WhiteElo "2661"]
[BlackElo "2348"]
[WhiteTeam "MEX"]
[BlackTeam "USA"]
[WhiteClock "0:00:05"]
[BlackClock "0:00:00"]
[Variant "Standard"]

1. Nf3 {[%clk 0:02:57]}  Nf6 {[%clk 0:02:59]} 2. g3 {[%clk 0:02:56]}  e6 {[%clk 0:02:59]} 3. Bg2 {[%clk 0:02:57]}  d5 {[%clk 0:02:59]} 4. O-O {[%clk 0:02:57]}  Be7 {[%clk 0:02:59]} 5. d4 {[%clk 0:02:56]}  O-O {[%clk 0:02:59]} 6. c4 {[%clk 0:02:55]}  c6 {[%clk 0:02:59]} 7. Qc2 {[%clk 0:02:53]}  b6 {[%clk 0:03:00]} 8. Nbd2 {[%clk 0:02:48]}  Bb7 {[%clk 0:03:00]} 9. Rd1 {[%clk 0:02:42]}  Nbd7 {[%clk 0:02:57]} 10. e4 {[%clk 0:02:39]}  dxe4 {[%clk 0:02:54]} 11. Nxe4 {[%clk 0:02:40]}  c5 {[%clk 0:02:23]} 12. Nxf6+ {[%clk 0:02:33]}  Bxf6 {[%clk 0:02:20]} 13. dxc5 {[%clk 0:02:30]}  bxc5 {[%clk 0:02:21]} 14. Ng5 {[%clk 0:02:16]}  Bxg5 {[%clk 0:02:04]} 15. Bxb7 {[%clk 0:02:02]}  Bxc1 {[%clk 0:01:54]} 16. Bxa8 {[%clk 0:01:19]}  Qc7 {[%clk 0:01:35]} 17. Be4 {[%clk 0:01:03]}  Bg5 {[%clk 0:01:31]} 18. Bxh7+ {[%clk 0:01:02]}  Kh8 {[%clk 0:01:31]} 19. Be4 {[%clk 0:01:01]}  f5 {[%clk 0:01:26]} 20. Bg2 {[%clk 0:00:57]}  Bf6 {[%clk 0:01:19]} 21. Re1 {[%clk 0:00:49]}  Bd4 {[%clk 0:01:01]} 22. Rxe6 {[%clk 0:00:14]}  f4 {[%clk 0:01:00]} 23. Qg6 {[%clk 0:00:10]}  Nf6 {[%clk 0:00:50]} 24. Bd5 {[%clk 0:00:05]}  fxg3 {[%clk 0:00:46]} 25. hxg3 {[%clk 0:00:05]}  Bxf2+ {[%clk 0:00:34]} 26. Kg2 {[%clk 0:00:03]}  Qxg3+ {[%clk 0:00:20]} 27. Qxg3 {[%clk 0:00:03]}  Bxg3 {[%clk 0:00:20]} 28. Kxg3 {[%clk 0:00:03]}  Nh5+ {[%clk 0:00:14]} 29. Kg4 {[%clk 0:00:03]}  Nf6+ {[%clk 0:00:14]} 30. Kh3 {[%clk 0:00:01]}  g6 {[%clk 0:00:12]} 31. Re7 {[%clk 0:00:01]}  Rd8 {[%clk 0:00:08]} 32. Rae1 {[%clk 0:00:02]}  a5 {[%clk 0:00:07]} 33. R7e5 {[%clk 0:00:02]}  a4 {[%clk 0:00:05]} 34. Re6 {[%clk 0:00:02]}  Kg7 {[%clk 0:00:05]} 35. Re7+ {[%clk 0:00:03]}  Kh6 {[%clk 0:00:05]} 36. Rf7 {[%clk 0:00:03]}  Nxd5 {[%clk 0:00:03]} 37. cxd5 {[%clk 0:00:04]}  Rxd5 {[%clk 0:00:03]} 38. Ree7 {[%clk 0:00:04]}  Rd2 {[%clk 0:00:03]} 39. Rh7+ {[%clk 0:00:04]}  Kg5 {[%clk 0:00:03]} 40. Rb7 {[%clk 0:00:05]}  Rd3+ {[%clk 0:00:00]} 41. Kg2 {[%clk 0:00:05]} 1-0

[Event "April 9 Late 2024"]
[Site "Chess.com"]
[Date "2024.04.09"]
[Round "1"]
[White "Li, Tedric"]
[Black "Yankelevich, Lev"]
[Result "0-1"]
[Board "123"]
[WhiteFideId "3242897"]
[BlackFideId "24684074"]
[WhiteTitle "CM"]
[BlackTitle "GM"]
[WhiteElo "2347"]
[BlackElo "2660"]
[WhiteTeam "AUS"]
[BlackTeam "GER"]
[WhiteClock "0:01:33"]
[BlackClock "0:01:45"]
[Variant "Standard"]

1. Nf3 {[%clk 0:02:59]}  Nf6 {[%clk 0:02:59]} 2. g3 {[%clk 0:02:59]}  b6 {[%clk 0:02:59]} 3. Bg2 {[%clk 0:02:59]}  Bb7 {[%clk 0:02:59]} 4. O-O {[%clk 0:03:00]}  g6 {[%clk 0:02:59]} 5. d3 {[%clk 0:03:01]}  d5 {[%clk 0:02:57]} 6. Nbd2 {[%clk 0:03:00]}  Bg7 {[%clk 0:02:57]} 7. e4 {[%clk 0:03:00]}  dxe4 {[%clk 0:02:56]} 8. Ng5 {[%clk 0:03:00]}  O-O {[%clk 0:02:54]} 9. Ngxe4 {[%clk 0:02:59]}  Qc8 {[%clk 0:02:50]} 10. Nxf6+ {[%clk 0:02:57]}  Bxf6 {[%clk 0:02:51]} 11. Ne4 {[%clk 0:02:58]}  Bg7 {[%clk 0:02:50]} 12. Rb1 {[%clk 0:02:55]}  Nc6 {[%clk 0:02:49]} 13. Be3 {[%clk 0:02:53]}  Re8 {[%clk 0:02:49]} 14. c3 {[%clk 0:02:47]}  a5 {[%clk 0:02:47]} 15. d4 {[%clk 0:02:46]}  Rd8 {[%clk 0:02:32]} 16. Qb3 {[%clk 0:02:37]}  a4 {[%clk 0:02:30]} 17. Qa3 {[%clk 0:02:37]}  Ra5 {[%clk 0:02:26]} 18. Nd2 {[%clk 0:02:32]}  Qa8 {[%clk 0:02:21]} 19. d5 {[%clk 0:02:20]}  Ne5 {[%clk 0:02:18]} 20. Qxe7 {[%clk 0:02:19]}  Bxd5 {[%clk 0:02:12]} 21. Bxd5 {[%clk 0:02:06]}  Raxd5 {[%clk 0:02:13]} 22. Rfd1 {[%clk 0:02:01]}  R5d7 {[%clk 0:02:05]} 23. Qg5 {[%clk 0:01:33]}  Rxd2 {[%clk 0:01:45]} 0-1

[Event "April 9 Late 2024"]
[Site "Chess.com"]
[Date "2024.04.09"]
[Round "1"]
[White "Xhembulla, Aleksander"]
[Black "Cruz, William Ferreira Da"]
[Result "1/2-1/2"]
[Board "126"]
[WhiteFideId "4705114"]
[BlackFideId "2118050"]
[WhiteTitle "CM"]
[BlackTitle "FM"]
[WhiteElo "2655"]
[BlackElo "2340"]
[WhiteTeam "ALB"]
[BlackTeam "BRA"]
[WhiteClock "0:00:22"]
[BlackClock "0:00:10"]
[Variant "Standard"]

1. e4 {[%clk 0:03:00]}  e6 {[%clk 0:02:59]} 2. d4 {[%clk 0:03:00]}  d5 {[%clk 0:02:59]} 3. Nd2 {[%clk 0:02:59]}  c5 {[%clk 0:02:57]} 4. Ngf3 {[%clk 0:02:59]}  cxd4 {[%clk 0:02:47]} 5. Nxd4 {[%clk 0:02:59]}  Nc6 {[%clk 0:02:46]} 6. Bb5 {[%clk 0:02:58]}  Bd7 {[%clk 0:02:46]} 7. Nxc6 {[%clk 0:02:59]}  bxc6 {[%clk 0:02:46]} 8. Bd3 {[%clk 0:02:59]}  Bd6 {[%clk 0:02:45]} 9. Qe2 {[%clk 0:02:59]}  Qc7 {[%clk 0:02:43]} 10. Nf3 {[%clk 0:02:59]}  dxe4 {[%clk 0:02:29]} 11. Qxe4 {[%clk 0:02:57]}  Nf6 {[%clk 0:02:28]} 12. Qh4 {[%clk 0:02:57]}  c5 {[%clk 0:02:16]} 13. O-O {[%clk 0:02:56]}  Bc6 {[%clk 0:02:11]} 14. Nd2 {[%clk 0:02:50]}  Be7 {[%clk 0:02:07]} 15. Nc4 {[%clk 0:02:46]}  O-O {[%clk 0:01:57]} 16. Bf4 {[%clk 0:02:33]}  Qc8 {[%clk 0:01:24]} 17. Bxh7+ {[%clk 0:02:29]}  Nxh7 {[%clk 0:01:22]} 18. Qxe7 {[%clk 0:02:30]}  Qb7 {[%clk 0:01:09]} 19. Qxb7 {[%clk 0:02:28]}  Bxb7 {[%clk 0:01:09]} 20. Rfd1 {[%clk 0:02:26]}  Nf6 {[%clk 0:01:08]} 21. Be3 {[%clk 0:02:24]}  Bd5 {[%clk 0:01:03]} 22. Nd6 {[%clk 0:02:18]}  c4 {[%clk 0:01:00]} 23. Nb5 {[%clk 0:02:18]}  a6 {[%clk 0:00:58]} 24. Nc3 {[%clk 0:02:18]}  Rab8 {[%clk 0:00:58]} 25. b3 {[%clk 0:02:17]}  Rfc8 {[%clk 0:00:57]} 26. Bd4 {[%clk 0:02:13]}  Ne4 {[%clk 0:00:51]} 27. Nxd5 {[%clk 0:02:09]}  exd5 {[%clk 0:00:51]} 28. f3 {[%clk 0:02:08]}  Ng5 {[%clk 0:00:49]} 29. Be5 {[%clk 0:02:05]}  Rb5 {[%clk 0:00:49]} 30. a4 {[%clk 0:02:04]}  Rb7 {[%clk 0:00:48]} 31. Rab1 {[%clk 0:01:55]}  f6 {[%clk 0:00:47]} 32. Bf4 {[%clk 0:01:54]}  Ne6 {[%clk 0:00:47]} 33. Bg3 {[%clk 0:01:52]}  d4 {[%clk 0:00:46]} 34. b4 {[%clk 0:01:48]}  Rd8 {[%clk 0:00:41]} 35. Bf2 {[%clk 0:01:45]}  d3 {[%clk 0:00:41]} 36. cxd3 {[%clk 0:01:46]}  cxd3 {[%clk 0:00:40]} 37. Rd2 {[%clk 0:01:43]}  Nf4 {[%clk 0:00:36]} 38. Rb3 {[%clk 0:01:40]}  Rc7 {[%clk 0:00:31]} 39. Bb6 {[%clk 0:01:32]}  Rc1+ {[%clk 0:00:31]} 40. Kf2 {[%clk 0:01:33]}  Re8 {[%clk 0:00:30]} 41. Be3 {[%clk 0:01:28]}  Nxg2 {[%clk 0:00:28]} 42. Kxg2 {[%clk 0:01:25]}  Rxe3 {[%clk 0:00:28]} 43. Rbxd3 {[%clk 0:01:22]}  Rxd3 {[%clk 0:00:24]} 44. Rxd3 {[%clk 0:01:23]}  Rb1 {[%clk 0:00:24]} 45. Rd4 {[%clk 0:01:15]}  Kh7 {[%clk 0:00:24]} 46. Kg3 {[%clk 0:01:12]}  Kg6 {[%clk 0:00:24]} 47. h4 {[%clk 0:01:12]}  Rb3 {[%clk 0:00:24]} 48. Kf2 {[%clk 0:01:11]}  Kh5 {[%clk 0:00:21]} 49. Ke2 {[%clk 0:01:10]}  g5 {[%clk 0:00:21]} 50. hxg5 {[%clk 0:01:10]}  fxg5 {[%clk 0:00:22]} 51. Rg4 {[%clk 0:01:03]}  Ra3 {[%clk 0:00:19]} 52. a5 {[%clk 0:01:00]}  Rb3 {[%clk 0:00:19]} 53. Kf2 {[%clk 0:00:56]}  Rb2+ {[%clk 0:00:19]} 54. Kg3 {[%clk 0:00:56]}  Rb3 {[%clk 0:00:19]} 55. Rc4 {[%clk 0:00:56]}  Kg6 {[%clk 0:00:17]} 56. Rc6+ {[%clk 0:00:56]}  Kf5 {[%clk 0:00:18]} 57. Rc5+ {[%clk 0:00:50]}  Kf6 {[%clk 0:00:18]} 58. Rc4 {[%clk 0:00:34]}  Kf5 {[%clk 0:00:18]} 59. Rd4 {[%clk 0:00:33]}  Rb2 {[%clk 0:00:17]} 60. Rd5+ {[%clk 0:00:31]}  Kf6 {[%clk 0:00:17]} 61. Rd6+ {[%clk 0:00:32]}  Kf5 {[%clk 0:00:17]} 62. Rxa6 {[%clk 0:00:32]}  Rxb4 {[%clk 0:00:17]} 63. Ra8 {[%clk 0:00:27]}  Ra4 {[%clk 0:00:17]} 64. a6 {[%clk 0:00:26]}  Kg6 {[%clk 0:00:17]} 65. a7 {[%clk 0:00:22]}  Kg7 {[%clk 0:00:18]} 66. Kf2 {[%clk 0:00:22]}  Ra3 {[%clk 0:00:17]} 67. Ke2 {[%clk 0:00:22]}  Ra4 {[%clk 0:00:17]} 68. Ke3 {[%clk 0:00:22]}  Kh7 {[%clk 0:00:15]} 69. Kd3 {[%clk 0:00:22]}  Kg7 {[%clk 0:00:15]} 70. Kc3 {[%clk 0:00:22]}  Ra1 {[%clk 0:00:15]} 71. Kd4 {[%clk 0:00:22]}  Ra4+ {[%clk 0:00:15]} 72. Ke5 {[%clk 0:00:22]}  Ra5+ {[%clk 0:00:15]} 73. Ke6 {[%clk 0:00:21]}  Ra6+ {[%clk 0:00:15]} 74. Kf5 {[%clk 0:00:21]}  Ra5+ {[%clk 0:00:15]} 75. Kg4 {[%clk 0:00:21]}  Kh7 {[%clk 0:00:15]} 76. Kg3 {[%clk 0:00:18]}  Kg7 {[%clk 0:00:15]} 77. Kf2 {[%clk 0:00:19]}  Ra3 {[%clk 0:00:15]} 78. Ke2 {[%clk 0:00:19]}  Kh7 {[%clk 0:00:15]} 79. Kd1 {[%clk 0:00:20]}  Kg7 {[%clk 0:00:15]} 80. Kc1 {[%clk 0:00:20]}  Ra1+ {[%clk 0:00:14]} 81. Kb2 {[%clk 0:00:20]}  Ra6 {[%clk 0:00:15]} 82. Kc3 {[%clk 0:00:21]}  Ra5 {[%clk 0:00:15]} 83. Kc4 {[%clk 0:00:21]}  Ra1 {[%clk 0:00:15]} 84. Kd5 {[%clk 0:00:22]}  Ra5+ {[%clk 0:00:13]} 85. Ke6 {[%clk 0:00:22]}  Ra6+ {[%clk 0:00:11]} 86. Ke7 {[%clk 0:00:22]}  Ra2 {[%clk 0:00:11]} 87. Kd6 {[%clk 0:00:22]}  Ra6+ {[%clk 0:00:10]} 88. Ke5 {[%clk 0:00:22]}  Ra5+ {[%clk 0:00:10]} 89. Kd6 {[%clk 0:00:22]}  Ra2 {[%clk 0:00:10]} 90. Kc7 {[%clk 0:00:21]}  Rc2+ {[%clk 0:00:10]} 91. Kb6 {[%clk 0:00:22]}  Rb2+ {[%clk 0:00:10]} 92. Kc6 {[%clk 0:00:22]}  Rc2+ {[%clk 0:00:10]} 93. Kd6 {[%clk 0:00:23]}  Rb2 {[%clk 0:00:10]} 94. Kd5 {[%clk 0:00:23]}  Ra2 {[%clk 0:00:10]} 95. Ke5 {[%clk 0:00:22]}  Ra5+ {[%clk 0:00:10]} 1/2-1/2

[Event "April 9 Late 2024"]
[Site "Chess.com"]
[Date "2024.04.09"]
[Round "1"]
[White "Palacio,Igor Da Paz"]
[Black "Ghevondyan, Arman"]
[Result "1-0"]
[Board "129"]
[WhiteFideId "2121140"]
[BlackFideId "13312073"]
[BlackTitle "CM"]
[WhiteElo "2338"]
[BlackElo "2650"]
[WhiteTeam "BRA"]
[BlackTeam "ARM"]
[WhiteClock "0:00:10"]
[BlackClock "0:00:20"]
[Variant "Standard"]

1. e4 {[%clk 0:02:48]}  c5 {[%clk 0:02:57]} 2. Nc3 {[%clk 0:02:47]}  Nc6 {[%clk 0:02:57]} 3. g3 {[%clk 0:02:47]}  g6 {[%clk 0:02:58]} 4. Bg2 {[%clk 0:02:47]}  Bg7 {[%clk 0:02:58]} 5. d3 {[%clk 0:02:48]}  d6 {[%clk 0:02:59]} 6. f4 {[%clk 0:02:48]}  Nf6 {[%clk 0:02:59]} 7. Nf3 {[%clk 0:02:48]}  O-O {[%clk 0:03:00]} 8. O-O {[%clk 0:02:46]}  Rb8 {[%clk 0:03:00]} 9. a3 {[%clk 0:02:44]}  b5 {[%clk 0:02:59]} 10. Be3 {[%clk 0:02:40]}  a5 {[%clk 0:02:57]} 11. h3 {[%clk 0:02:39]}  b4 {[%clk 0:02:56]} 12. axb4 {[%clk 0:02:39]}  axb4 {[%clk 0:02:57]} 13. Ne2 {[%clk 0:02:39]}  Bb7 {[%clk 0:02:53]} 14. c3 {[%clk 0:02:34]}  Nd7 {[%clk 0:02:47]} 15. d4 {[%clk 0:02:32]}  bxc3 {[%clk 0:02:44]} 16. bxc3 {[%clk 0:02:32]}  cxd4 {[%clk 0:02:42]} 17. cxd4 {[%clk 0:02:32]}  d5 {[%clk 0:02:36]} 18. exd5 {[%clk 0:02:20]}  Nb4 {[%clk 0:02:34]} 19. Ne5 {[%clk 0:02:15]}  Nxd5 {[%clk 0:02:20]} 20. Bf2 {[%clk 0:02:11]}  N7f6 {[%clk 0:02:13]} 21. Rc1 {[%clk 0:02:03]}  Nb4 {[%clk 0:02:10]} 22. Bxb7 {[%clk 0:01:54]}  Rxb7 {[%clk 0:02:10]} 23. Rb1 {[%clk 0:01:48]}  Qb8 {[%clk 0:02:07]} 24. Nc3 {[%clk 0:01:39]}  Rc8 {[%clk 0:02:04]} 25. Qd2 {[%clk 0:01:36]}  Nfd5 {[%clk 0:01:55]} 26. Nxd5 {[%clk 0:01:34]}  Nxd5 {[%clk 0:01:56]} 27. Rxb7 {[%clk 0:01:34]}  Qxb7 {[%clk 0:01:57]} 28. Rc1 {[%clk 0:01:32]}  e6 {[%clk 0:01:52]} 29. Kh2 {[%clk 0:01:22]}  h5 {[%clk 0:01:52]} 30. Rxc8+ {[%clk 0:01:08]}  Qxc8 {[%clk 0:01:52]} 31. h4 {[%clk 0:01:03]}  Nf6 {[%clk 0:01:48]} 32. Qe2 {[%clk 0:00:54]}  Qb7 {[%clk 0:01:44]} 33. Qc2 {[%clk 0:00:30]}  Ne4 {[%clk 0:01:38]} 34. Kg1 {[%clk 0:00:22]}  Nd6 {[%clk 0:01:36]} 35. Qc6 {[%clk 0:00:19]}  Qxc6 {[%clk 0:01:36]} 36. Nxc6 {[%clk 0:00:19]}  Nf5 {[%clk 0:01:32]} 37. Kg2 {[%clk 0:00:17]}  Kf8 {[%clk 0:01:32]} 38. Kf3 {[%clk 0:00:17]}  Ke8 {[%clk 0:01:33]} 39. Ke4 {[%clk 0:00:16]}  Kd7 {[%clk 0:01:32]} 40. Ne5+ {[%clk 0:00:16]}  Bxe5 {[%clk 0:01:30]} 41. dxe5 {[%clk 0:00:17]}  Kc6 {[%clk 0:01:30]} 42. Bg1 {[%clk 0:00:17]}  Kb5 {[%clk 0:01:29]} 43. Bf2 {[%clk 0:00:16]}  Kc4 {[%clk 0:01:30]} 44. Bg1 {[%clk 0:00:16]}  Kc3 {[%clk 0:01:26]} 45. Bf2 {[%clk 0:00:16]}  Kd2 {[%clk 0:01:26]} 46. Kf3 {[%clk 0:00:16]}  Nh6 {[%clk 0:01:25]} 47. Bg1 {[%clk 0:00:16]}  Ng8 {[%clk 0:01:21]} 48. Bc5 {[%clk 0:00:15]}  Kd3 {[%clk 0:01:21]} 49. Bd6 {[%clk 0:00:15]}  Nh6 {[%clk 0:01:21]} 50. Bf8 {[%clk 0:00:15]}  Nf5 {[%clk 0:01:21]} 51. Bd6 {[%clk 0:00:15]}  Nd4+ {[%clk 0:01:21]} 52. Kf2 {[%clk 0:00:15]}  Ke4 {[%clk 0:01:20]} 53. Bb8 {[%clk 0:00:15]}  Nb5 {[%clk 0:01:20]} 54. Bd6 {[%clk 0:00:14]}  Kf5 {[%clk 0:01:20]} 55. Kf3 {[%clk 0:00:11]}  Nd4+ {[%clk 0:01:20]} 56. Ke3 {[%clk 0:00:11]}  Nb5 {[%clk 0:01:19]} 57. Kf3 {[%clk 0:00:11]}  Nc3 {[%clk 0:01:15]} 58. Bc5 {[%clk 0:00:11]}  Ne4 {[%clk 0:01:10]} 59. Be3 {[%clk 0:00:11]}  f6 {[%clk 0:01:08]} 60. exf6 {[%clk 0:00:09]}  Nxf6 {[%clk 0:01:09]} 61. Bd4 {[%clk 0:00:09]}  Nd5 {[%clk 0:01:06]} 62. Bf2 {[%clk 0:00:09]}  Nc3 {[%clk 0:01:04]} 63. Bd4 {[%clk 0:00:08]}  Nb5 {[%clk 0:01:05]} 64. Be5 {[%clk 0:00:08]}  Na3 {[%clk 0:01:04]} 65. Bd6 {[%clk 0:00:08]}  Nc4 {[%clk 0:01:04]} 66. Bb8 {[%clk 0:00:07]}  Nd2+ {[%clk 0:01:04]} 67. Ke2 {[%clk 0:00:07]}  Nc4 {[%clk 0:01:03]} 68. Kf3 {[%clk 0:00:08]}  Kf6 {[%clk 0:01:01]} 69. Bc7 {[%clk 0:00:08]}  Ke7 {[%clk 0:01:00]} 70. Be5 {[%clk 0:00:05]}  Kd7 {[%clk 0:01:00]} 71. Ke4 {[%clk 0:00:05]}  Kc6 {[%clk 0:00:59]} 72. Bd4 {[%clk 0:00:05]}  Kd6 {[%clk 0:00:59]} 73. Be5+ {[%clk 0:00:05]}  Nxe5 {[%clk 0:00:54]} 74. fxe5+ {[%clk 0:00:05]}  Kc5 {[%clk 0:00:55]} 75. Kf4 {[%clk 0:00:06]}  Kd5 {[%clk 0:00:55]} 76. Kg5 {[%clk 0:00:07]}  Kxe5 {[%clk 0:00:56]} 77. Kxg6 {[%clk 0:00:07]}  Kd4 {[%clk 0:00:51]} 78. Kxh5 {[%clk 0:00:07]}  e5 {[%clk 0:00:51]} 79. g4 {[%clk 0:00:07]}  e4 {[%clk 0:00:52]} 80. g5 {[%clk 0:00:08]}  Ke5 {[%clk 0:00:32]} 81. g6 {[%clk 0:00:08]}  Kf6 {[%clk 0:00:20]} 82. Kh6 {[%clk 0:00:09]}  e3 {[%clk 0:00:20]} 83. g7 {[%clk 0:00:09]}  e2 {[%clk 0:00:20]} 84. g8=Q {[%clk 0:00:09]}  e1=Q {[%clk 0:00:21]} 85. Qf8+ {[%clk 0:00:09]}  Ke5 {[%clk 0:00:20]} 86. Qe8+ {[%clk 0:00:10]} 1-0

[Event "April 9 Late 2024"]
[Site "Chess.com"]
[Date "2024.04.09"]
[Round "1"]
[White "Castaneda, Jhon David"]
[Black "Andrew D Green"]
[Result "1-0"]
[Board "130"]
[WhiteFideId "4405048"]
[BlackFideId "2401762"]
[WhiteTitle "FM"]
[BlackTitle "CM"]
[WhiteElo "2650"]
[BlackElo "2334"]
[WhiteTeam "COL"]
[BlackTeam "SCO"]
[WhiteClock "0:01:04"]
[BlackClock "0:00:00"]
[Variant "Standard"]

1. d4 {[%clk 0:03:00]}  Nf6 {[%clk 0:02:55]} 2. Nf3 {[%clk 0:03:01]}  g6 {[%clk 0:02:55]} 3. c4 {[%clk 0:03:00]}  Bg7 {[%clk 0:02:55]} 4. Nc3 {[%clk 0:03:01]}  O-O {[%clk 0:02:55]} 5. e4 {[%clk 0:03:01]}  d6 {[%clk 0:02:55]} 6. Be2 {[%clk 0:03:01]}  Bg4 {[%clk 0:02:55]} 7. Be3 {[%clk 0:03:01]}  Nfd7 {[%clk 0:02:55]} 8. Ng1 {[%clk 0:03:00]}  Bxe2 {[%clk 0:02:54]} 9. Ngxe2 {[%clk 0:03:01]}  c5 {[%clk 0:02:54]} 10. d5 {[%clk 0:03:01]}  b5 {[%clk 0:02:27]} 11. cxb5 {[%clk 0:02:57]}  a6 {[%clk 0:02:27]} 12. a4 {[%clk 0:02:55]}  axb5 {[%clk 0:02:15]} 13. axb5 {[%clk 0:02:55]}  Rxa1 {[%clk 0:02:15]} 14. Qxa1 {[%clk 0:02:56]}  Nb6 {[%clk 0:02:15]} 15. O-O {[%clk 0:02:48]}  N8d7 {[%clk 0:02:11]} 16. b3 {[%clk 0:02:32]}  Qa8 {[%clk 0:02:08]} 17. Bg5 {[%clk 0:02:21]}  f6 {[%clk 0:01:34]} 18. Bd2 {[%clk 0:02:18]}  f5 {[%clk 0:01:10]} 19. f3 {[%clk 0:02:14]}  h6 {[%clk 0:01:01]} 20. Qa6 {[%clk 0:02:02]}  fxe4 {[%clk 0:00:39]} 21. fxe4 {[%clk 0:01:51]}  Rxf1+ {[%clk 0:00:36]} 22. Kxf1 {[%clk 0:01:51]}  Qf8+ {[%clk 0:00:37]} 23. Ke1 {[%clk 0:01:41]}  c4 {[%clk 0:00:32]} 24. b4 {[%clk 0:01:39]}  Qf6 {[%clk 0:00:26]} 25. g3 {[%clk 0:01:17]}  h5 {[%clk 0:00:08]} 26. Be3 {[%clk 0:01:05]}  Nc8 {[%clk 0:00:00]} 27. Qxc8+ {[%clk 0:01:04]} 1-0

[Event "April 9 Late 2024"]
[Site "Chess.com"]
[Date "2024.04.09"]
[Round "1"]
[White "Munoz, Miguel"]
[Black "Gruzman, Ilya"]
[Result "1-0"]
[Board "132"]
[WhiteFideId "3800229"]
[BlackFideId "2812703"]
[WhiteTitle "GM"]
[BlackTitle "CM"]
[WhiteElo "2644"]
[BlackElo "2325"]
[WhiteTeam "PER"]
[BlackTeam "ISR"]
[WhiteClock "0:00:34"]
[BlackClock "0:00:00"]
[Variant "Standard"]

1. e4 {[%clk 0:02:58]}  c5 {[%clk 0:02:59]} 2. g3 {[%clk 0:02:57]}  e6 {[%clk 0:02:58]} 3. Bg2 {[%clk 0:02:55]}  d5 {[%clk 0:02:58]} 4. exd5 {[%clk 0:02:54]}  exd5 {[%clk 0:02:59]} 5. d4 {[%clk 0:02:54]}  Nf6 {[%clk 0:02:59]} 6. Ne2 {[%clk 0:02:55]}  Nc6 {[%clk 0:02:59]} 7. O-O {[%clk 0:02:54]}  Bd6 {[%clk 0:02:58]} 8. Nbc3 {[%clk 0:02:49]}  Be6 {[%clk 0:02:57]} 9. dxc5 {[%clk 0:02:29]}  Bxc5 {[%clk 0:02:58]} 10. Bg5 {[%clk 0:02:28]}  O-O {[%clk 0:02:52]} 11. Nf4 {[%clk 0:02:25]}  Be7 {[%clk 0:02:16]} 12. Bxf6 {[%clk 0:02:18]}  Bxf6 {[%clk 0:02:14]} 13. Ncxd5 {[%clk 0:02:19]}  Bxb2 {[%clk 0:02:08]} 14. Rb1 {[%clk 0:02:17]}  Bd4 {[%clk 0:01:58]} 15. Rxb7 {[%clk 0:02:11]}  Qa5 {[%clk 0:01:47]} 16. Nxe6 {[%clk 0:02:03]}  fxe6 {[%clk 0:01:40]} 17. Nf4 {[%clk 0:02:04]}  Rad8 {[%clk 0:01:19]} 18. Nd5 {[%clk 0:02:05]}  exd5 {[%clk 0:01:14]} 19. Kh1 {[%clk 0:01:36]}  Qxa2 {[%clk 0:01:04]} 20. Rc7 {[%clk 0:01:31]}  Qa6 {[%clk 0:00:48]} 21. Rxc6 {[%clk 0:01:31]}  Qxc6 {[%clk 0:00:49]} 22. Qxd4 {[%clk 0:01:31]}  Qxc2 {[%clk 0:00:44]} 23. Bxd5+ {[%clk 0:01:27]}  Kh8 {[%clk 0:00:44]} 24. f3 {[%clk 0:01:25]}  Rd7 {[%clk 0:00:40]} 25. Qc4 {[%clk 0:01:14]}  Qd2 {[%clk 0:00:30]} 26. Be4 {[%clk 0:01:08]}  Rfd8 {[%clk 0:00:28]} 27. Qb5 {[%clk 0:01:02]}  Qa2 {[%clk 0:00:24]} 28. Qf5 {[%clk 0:00:57]}  Qg8 {[%clk 0:00:20]} 29. Kg2 {[%clk 0:00:43]}  Rd2+ {[%clk 0:00:19]} 30. Kh3 {[%clk 0:00:43]}  g6 {[%clk 0:00:18]} 31. Qg5 {[%clk 0:00:40]}  Qg7 {[%clk 0:00:17]} 32. Rc1 {[%clk 0:00:38]}  R2d7 {[%clk 0:00:13]} 33. Rc6 {[%clk 0:00:38]}  Rd6 {[%clk 0:00:12]} 34. Kg2 {[%clk 0:00:34]}  Rxc6 {[%clk 0:00:11]} 35. Qxd8+ {[%clk 0:00:34]}  Qg8 {[%clk 0:00:00]} 36. Qxg8+ {[%clk 0:00:34]} 1-0

[Event "April 9 Late 2024"]
[Site "Chess.com"]
[Date "2024.04.09"]
[Round "1"]
[White "Vifleemskaia, Svetlana"]
[Black "Nasir, Zehn"]
[Result "0-1"]
[Board "133"]
[WhiteFideId "4129490"]
[BlackFideId "2613239"]
[WhiteTitle "WFM"]
[WhiteElo "2323"]
[BlackElo "2644"]
[WhiteTeam "RUS"]
[BlackTeam "CAN"]
[WhiteClock "0:00:00"]
[BlackClock "0:00:23"]
[Variant "Standard"]

1. d4 {[%clk 0:03:00]}  Nf6 {[%clk 0:02:59]} 2. c4 {[%clk 0:02:58]}  e5 {[%clk 0:02:58]} 3. dxe5 {[%clk 0:02:57]}  Ng4 {[%clk 0:02:58]} 4. Bf4 {[%clk 0:02:56]}  Nc6 {[%clk 0:02:57]} 5. Nf3 {[%clk 0:02:56]}  Bb4+ {[%clk 0:02:57]} 6. Nbd2 {[%clk 0:02:54]}  Qe7 {[%clk 0:02:57]} 7. a3 {[%clk 0:02:53]}  Ngxe5 {[%clk 0:02:57]} 8. Nxe5 {[%clk 0:02:53]}  Nxe5 {[%clk 0:02:57]} 9. e3 {[%clk 0:02:54]}  Bxd2+ {[%clk 0:02:56]} 10. Qxd2 {[%clk 0:02:53]}  O-O {[%clk 0:02:56]} 11. Be2 {[%clk 0:02:54]}  d6 {[%clk 0:02:51]} 12. O-O {[%clk 0:02:53]}  b6 {[%clk 0:02:48]} 13. b4 {[%clk 0:02:53]}  Bb7 {[%clk 0:02:47]} 14. Rac1 {[%clk 0:02:49]}  Rad8 {[%clk 0:02:42]} 15. Qc3 {[%clk 0:02:42]}  Rfe8 {[%clk 0:02:38]} 16. h3 {[%clk 0:02:26]}  Ng6 {[%clk 0:02:31]} 17. Bg3 {[%clk 0:02:22]}  Nh4 {[%clk 0:02:27]} 18. Bxh4 {[%clk 0:02:19]}  Qxh4 {[%clk 0:02:28]} 19. c5 {[%clk 0:02:08]}  dxc5 {[%clk 0:01:55]} 20. bxc5 {[%clk 0:02:03]}  Qg5 {[%clk 0:01:52]} 21. c6 {[%clk 0:02:00]}  Bc8 {[%clk 0:01:48]} 22. Kh2 {[%clk 0:01:49]}  Rd6 {[%clk 0:01:44]} 23. Bf3 {[%clk 0:01:42]}  Rf6 {[%clk 0:01:36]} 24. e4 {[%clk 0:01:00]}  Qf4+ {[%clk 0:01:30]} 25. Kh1 {[%clk 0:00:51]}  Bxh3 {[%clk 0:01:26]} 26. gxh3 {[%clk 0:00:41]}  Qxf3+ {[%clk 0:01:27]} 27. Qxf3 {[%clk 0:00:41]}  Rxf3 {[%clk 0:01:27]} 28. Kg2 {[%clk 0:00:41]}  Rxa3 {[%clk 0:01:09]} 29. Rfd1 {[%clk 0:00:39]}  g5 {[%clk 0:01:01]} 30. Rd7 {[%clk 0:00:31]}  Rc8 {[%clk 0:00:58]} 31. f3 {[%clk 0:00:17]}  h5 {[%clk 0:00:55]} 32. Kg3 {[%clk 0:00:16]}  Kg7 {[%clk 0:00:55]} 33. Re7 {[%clk 0:00:12]}  Kf6 {[%clk 0:00:53]} 34. Rd7 {[%clk 0:00:12]}  a5 {[%clk 0:00:48]} 35. Rc4 {[%clk 0:00:09]}  Ra2 {[%clk 0:00:46]} 36. f4 {[%clk 0:00:03]}  h4+ {[%clk 0:00:42]} 37. Kg4 {[%clk 0:00:02]}  Rg2+ {[%clk 0:00:42]} 38. Kf3 {[%clk 0:00:02]}  Rg3+ {[%clk 0:00:42]} 39. Kf2 {[%clk 0:00:02]}  gxf4 {[%clk 0:00:40]} 40. e5+ {[%clk 0:00:02]}  Ke6 {[%clk 0:00:35]} 41. Rxf4 {[%clk 0:00:02]}  Rg7 {[%clk 0:00:25]} 42. Rxh4 {[%clk 0:00:01]}  Kxe5 {[%clk 0:00:24]} 43. Rh6 {[%clk 0:00:00]}  a4 {[%clk 0:00:23]} 0-1